000 01142nam a2200265Ia 4500
003 GCL
005 20240530110926.0
008 140319s9999 xx 000 0 ara d
020 _a2297304977
040 _aGCL /
_cGCL
082 0 4 _a345.0268
_bر ج
100 0 _aرفيق محمد سلام
245 1 2 _aالجديد فقها وقضاءا فى شرح احكام قانون المناقصات والمزادات رقم 89 لسنة 1998 واخر تعديلاته بالقانون رقم 5 لسنة 2005 ولائحته التنفيذية /
_cرفيق محمد سلام
260 _aالقاهرة :
_bالمركز المصرى للبحوث والمراجع ،
_c2005
300 _a667 ص ؛
_c24سم
650 0 4 _aالقانون التجارى
650 0 4 _aالتقارير المالية
650 0 4 _aالقانون المالى
650 0 4 _aقانون العقوبات المالية
650 0 4 _aالمالية العامة
650 0 4 _aجرائم الاموال
650 0 4 _aالمالية العامة - اخلاقيات
650 0 4 _aالمالية العامة - قوانين وتشريعات
942 _2ddc
_cBK
999 _c66575
_d66575